Catálogo
 En Linea

5 obras de teatro / (Registro nro. 42225)

Detalles MARC
000 -CABECERA
campo de control de longitud fija 00791nam a2200205 a 4500
001 - NÚMERO DE CONTROL
campo de control 000042736
005 - FECHA Y HORA DE LA ÚLTIMA TRANSACCIÓN
campo de control 20201002040347.0
008 - DATOS DE LONGITUD FIJA--INFORMACIÓN GENERAL
campo de control de longitud fija 140206s1970 mx 000 0 spa d
040 ## - FUENTE DE LA CATALOGACIÓN
Centro catalogador/agencia de origen DO-SdBNP
Lengua de catalogación spa
Centro/agencia transcriptor BNPHU
082 ## - NÚMERO DE LA CLASIFICACIÓN DECIMAL DEWEY
Número de clasificación xxxx
Número de documento/Ítem V696c, 1970
100 1# - ENTRADA PRINCIPAL--NOMBRE DE PERSONA
Nombre de persona Vilalta, Maruxa
Fechas asociadas al nombre 1932-
9 (RLIN) 70052
245 10 - MENCIÓN DE TÍTULO
Título 5 obras de teatro /
Mención de responsabilidad, etc. Maruxa Vilalta.
246 10 - FORMA VARIANTE DE TÍTULO
Título propio/Titulo breve Cinco obras de teatro
250 ## - MENCIÓN DE EDICIÓN
Mención de edición 3a ed.
260 ## - PUBLICACIÓN, DISTRIBUCIÓN, ETC.
Lugar de publicación, distribución, etc. México :
Nombre del editor, distribuidor, etc. Secretaría de Educación Pública,
Fecha de publicación, distribución, etc. 1970.
300 ## - DESCRIPCIÓN FÍSICA
Extensión 227 p. ;
Dimensiones 17 cm.
490 1# - MENCIÓN DE SERIE
Mención de serie Cuadernos de lectura popular
-- la honda del espíritu
Designación de volumen o secuencia 285
505 0# - NOTA DE CONTENIDO CON FORMATO
Nota de contenido con formato Un país feliz--
Título Soliloquio del tempo--
-- Un día loco--
-- La última letra--
-- El 9 [nueve] --
-- Otras obras de Maruxa Vilalta--
830 #0 - PUNTO DE ACCESO ADICIONAL DE SERIE-TÍTULO UNIFORME
Título uniforme Cuadernos de lectura popular
Nombre de parte o sección de la obra La honda del espíritu
Número de parte o sección de la obra 285
9 (RLIN) 70053
Existencias
Estado de retiro Estado de pérdida Restricciones de uso No para préstamo Código de colección Localización permanente Ubicación/localización actual Ubicación en estantería Fecha de adquisición Número de inventario Total de préstamos Signatura topográfica completa Código de barras Fecha visto por última vez Precio válido a partir de Tipo de ítem Koha
      Excluido de préstamo Monografías: Libros y Folletos General General En catalogación 06.02.2014 LF1   xxxx V696c, 1970 42736-10 25.06.2020 25.06.2020 No se presta

Con tecnología Koha